Sanat - "Suojelusenkeli" - Jenni&Juho - Statistics

Yleistilastot
  • Tätä visaa on pelattu 10 kertaa
  • Keskiarvotulos 22 / 132
Vastaustilastot
Vastaus % Oikein
89%
jo
33%
joka
33%
mun
33%
olet
33%
oli
33%
sinä
33%
suojelusenkeli
33%
henkeni
22%
istui
22%
ja
22%
käänsi
22%
ku
22%
Kuka
22%
kuka
22%
lenteli
22%
liukasta
22%
mua
22%
puolesta
22%
selkää
22%
sun
22%
takapenkillä
22%
tiellä
22%
vierellä
22%
aikasi
11%
älä
11%
antoi
11%
eteenpäin
11%
itsekään
11%
kädestä
11%
kiinni
11%
kuiskasi
11%
kun
11%
luovuin
11%
maailma
11%
minun
11%
mulle
11%
mut
11%
ohjasi
11%
oikeelle
11%
pelkää
11%
pelkäsin
11%
pimeään
11%
potkaisi
11%
reitille
11%
rohkaisi
11%
sänkyyn
11%
sanoi
11%
sieltä
11%
silloin
11%
supervoimia
11%
talutti
11%
tarttui
11%
toivosta
11%
tulee
11%
valon
11%
väsyneenä
11%
vielä
11%
ylös
11%
edes
0%
huolista
0%
huoneessasi
0%
irti
0%
kaikista
0%
kuin
0%
lentelit
0%
minun
0%
pääsen
0%
paremmin
0%
seisoi
0%
silloinkin
0%
tunnen
0%
tuntee
0%
tuoksuina
0%
vierelläsi
0%
vierelle
0%
Ehtoja vastaavia visoja ei löytynyt
Tulosjakauma
Jokaisen tuloksen saaneiden osuus
Persentiili vastausten määrän mukaan
Tuloshistoriasi
Et ole pelannut tätä visaa